000 00418nam a22001697a 4500
999 _c11449
_d11449
003 OSt
008 220716b ||||| |||| 00| 0 eng d
020 _a9780857111579
082 _a615.58 GRC
100 _aGRAY,Alistair Howard
245 _aClinical Pharmacy :Pocket Companion
250 _a2nd
260 _aHyderabad
_bPharmaMed Press
_c2016
300 _a542
650 _a Pharmacy Practice
942 _2ddc
_cBK